000 00442nam a2200181Ia 4500
003 GCL
008 140319s9999 xx 000 0 eng d
040 _aGCL /
_cGCL
082 0 4 _a103
_bV D
100 1 _aVOLTAIRE
245 1 0 _aDICTIONNAIRE PHILOSOPHIQUE /
_cVOLTAIRE
260 _a[S.N] :
_bGALLIMARD ،
_c1994
300 _a545 P
490 _aCOLLECTION FOLIO
_v0
650 0 4 _aPHILOSOPHY
650 0 4 _aDICTIONARIES
942 _2ddc
_cBK
999 _c23017
_d23017